| 000 | 00557nam a2200181 a 4500 | ||
|---|---|---|---|
| 001 | 22457 | ||
| 005 | 20180713220348.0 | ||
| 008 | 140415s1987 000 0 spa d | ||
| 020 | _a0521312426 | ||
| 041 | _aspa | ||
| 082 |
_a428.34 _bJON |
||
| 100 | 1 | _aJONES, LEO | |
| 245 | 1 | 0 |
_aGREAT IDEAS LISTENING AND SPEAKING : _bACTIVITIES FOR STUDENTS OF AMERICAN ENGLISH |
| 260 |
_a[s.l.] : _bCAMBRIDGE UNIVERSITY PRESS, _c1987 |
||
| 300 | _a108 | ||
| 650 | 1 | 4 |
_aINGLES LENGUAJE _xTEXTOS PARA EXTRANJEROS |
| 700 | 1 |
_aKIMBROUGH, VICTORIA _ecoaut. |
|
| 999 |
_c22457 _d22457 |
||